Benfica players (2010-2020) - Statistics

General Stats
  • This quiz has been taken 25 times
  • The average score is 67 of 138
Answer Stats
Rank Player Positions Nationality Matches Goals (assists) Period % Correct
11 Alejandro Grimaldo LB 104 7 (25) 2015-2020
95%
2 Luisão CB 177 9 (7) 2010-2018
95%
7 Maxi Pereira RB 136 8 (22) 2010-2015
95%
3 André Almeida RB 174 9 (33) 2011-2020
89%
17 Artur Moraes GK 85 0 (1) 2011-2015
89%
4 Eduardo Salvio RW 166 38 (38) 2010-2011, 2012-2019
89%
19 Haris Seferovic ST 79 32 (10) 2017-2020
89%
8 Jonas CF 132 110 (32) 2014-2019
89%
25 Konstantinos Mitroglou ST 60 36 (6) 2015-2017
89%
15 Lima ST 89 53 (20) 2012-2015
89%
35 Nélson Semedo RB 43 2 (8) 2015-2017
89%
6 Nico Gaitán AM 152 25 (61) 2010-2016
89%
24 Odysseas Vlachodimos GK 67 0 (0) 2018-2020
89%
1 Pizzi AM 188 57 (62) 2014-2020
89%
16 Rúben Dias CB 89 8 (4) 2017-2020
89%
33 Victor Lindelöf CB 48 2 (0) 2013-2014, 2015-2017
89%
9 Andreas Samaris DM 126 5 (9) 2014-2020
84%
22 Enzo Pérez DM 70 9 (13) 2011-2015
84%
69 Jan Oblak GK 16 0 (0) 2013-2014
84%
5 Jardel CB 157 11 (11) 2010-2020
84%
13 Óscar Cardozo ST 91 56 (14) 2010-2014
84%
14 Rafa Silva CF 91 29 (18) 2016-2020
84%
18 Raúl Jiménez ST 80 18 (10) 2015-2018
84%
23 Rodrigo ST 68 27 (13) 2011-2014
84%
41 Ederson GK 37 0 (1) 2015-2017
79%
20 Ezequiel Garay CB 78 9 (0) 2011-2014
79%
12 Franco Cervi LW 100 11 (16) 2016-2020
79%
27 Júlio César GK 57 0 (0) 2014-2018
79%
102 Júlio César GK 4 0 (0) 2010-2011
79%
10 Ljubomir Fejsa DM 114 1 (0) 2013-2020
79%
28 Nemanja Matic DM 56 6 (0) 2011-2014
79%
123 Bernardo Silva AM 1 0 (0) 2013-2014
74%
37 Ferro CB 39 3 (0) 2018-2020
74%
36 Javier Saviola CF 42 13 (15) 2010-2012
74%
51 João Félix CF 26 15 (9) 2018-2019
74%
92 Nuno Gomes ST 6 4 (0) 2010-2011
74%
47 Adel Taarabt CM 30 1 (1) 2018-2020
68%
61 André Carrillo CM 20 2 (1) 2016-2017
68%
30 Ola John LW 55 3 (11) 2012-2016
68%
26 Pablo Aimar AM 60 7 (18) 2010-2013
68%
56 Renato Sanches CM 24 2 (1) 2015-2016
68%
137 Rodrigo Mora ST 1 0 (0) 2011-2012
68%
93 Alfa Semedo DM 5 0 (0) 2018-2019
63%
44 Bruno César CM 32 10 (3) 2011-2013
63%
48 Bruno Varela GK 29 0 (0) 2017-2018
63%
21 Eliseu LB 75 4 (5) 2014-2018
63%
32 Javi García DM 48 3 (1) 2010-2013
63%
64 Julian Weigl DM 18 1 (0) 2019-2020
63%
52 Lazar Markovic RW 26 5 (5) 2013-2014
63%
136 Pedro Pereira RB 1 0 (0) 2016-2017
63%
54 Roberto GK 25 0 (0) 2010-2011
63%
75 André Gomes CM 14 2 (0) 2012-2014
58%
29 Andrija Zivkovic RW 55 3 (11) 2016-2020
58%
45 Carlos Vinícius ST 32 18 (8) 2019-2020
58%
59 Florentino DM 21 1 (1) 2018-2020
58%
46 Lisandro López CB 32 4 (2) 2014-2018
58%
34 Ruben Amorim CM 45 0 (3) 2010-2012, 2013-2015
58%
114 Zé Gomes ST 3 0 (0) 2016-2017
58%
99 Caio Lucas LW 4 1 (0) 2019-2020
53%
68 David Luiz CB 16 0 (2) 2010-2011
53%
65 Filip Krovinovic DM 17 1 (1) 2017-2019
53%
31 Talisca AM 53 12 (2) 2014-2016
53%
43 Axel Witsel CB 32 1 (3) 2011-2013
47%
129 Gonçalo Ramos ST 1 2 (0) 2019-2020
47%
63 Guilherme Siqueira LB 18 1 (1) 2013-2014
47%
131 João Cancelo RB 1 0 (0) 2013-2014
47%
81 Nuno Tavares LB 11 1 (4) 2019-2020
47%
107 Paulo Lopes GK 4 0 (0) 2013-2014, 2015-2017
47%
138 Steven Vitória CB 1 0 (0) 2013-2014
47%
40 Carlos Martins AM 38 3 (3) 2010-2011, 2012-2013
42%
38 Gabriel Pires DM 39 2 (3) 2018-2020
42%
50 Gedson Fernandes CM 29 0 (3) 2018-2020
42%
100 Germán Conti CB 4 0 (0) 2018-2019
42%
39 Gonçalo Guedes LW 39 5 (9) 2014-2017
42%
119 Luka Jović ST 2 0 (0) 2015-2017
42%
105 Miguel Vítor CB 4 0 (0) 2011-2013
42%
98 Mile Svilar GK 5 0 (0) 2017-2020
42%
88 Raúl de Tomás ST 7 0 (0) 2019-2020
42%
79 Tomás Tavares RB 12 0 (0) 2019-2020
42%
82 André Horta CM 10 1 (1) 2016-2017
37%
84 Bryan Cristante DM 7 0 (0) 2014-2016
37%
87 João Carvalho AM 7 0 (1) 2017-2018
37%
78 Nélson Oliveira ST 12 0 (2) 2011-2012
37%
124 Branimir Kalaica CB 1 1 (0) 2016-2017
32%
109 César Martins CB 3 0 (0) 2014-2015
32%
57 Fábio Coentrão LB 23 2 (4) 2010-2011
32%
77 Filip Djuricic AM 12 0 (1) 2013-2014, 2015-2016
32%
128 Gabriel Barbosa ST 1 0 (0) 2017-2018
32%
96 Joan Capdevila LB 5 0 (0) 2011-2012
32%
132 Jonathan Rodríguez ST 1 0 (0) 2014-2015
32%
101 Jonathan Urretaviscaya RW 4 1 (0) 2012-2013
32%
116 José Luis Fernández CM 2 0 (0) 2010-2011
32%
104 Luís Martins LB 4 0 (0) 2011-2012
32%
74 Miralem Sulejmani LM 15 1 (3) 2013-2015
32%
135 Nuno Santos LB 1 0 (0) 2015-2016
32%
76 Sílvio RB 13 0 (2) 2013-2016
32%
122 Bebé LW 1 0 (0) 2014-2015
26%
85 Diogo Gonçalves LW 7 0 (2) 2017-2018
26%
94 Douglas RB 5 0 (0) 2017-2018
26%
80 Dyego Sousa ST 11 0 (1) 2019-2020
26%
58 Jota LW 23 0 (2) 2018-2020
26%
62 Mehdi Carcela-González RW 20 2 (6) 2015-2016
26%
106 Nicolás Castillo ST 4 0 (0) 2018-2019
26%
42 Nolito LW 35 12 (8) 2011-2013
26%
121 Sébastien Corchia RB 2 0 (0) 2018-2019
26%
72 Alan Kardec ST 15 3 (1) 2010-2011, 2012-2013
21%
53 Chiquinho AM 25 2 (5) 2019-2020
21%
126 Cristian Lema CB 1 0 (0) 2018-2019
21%
115 Danilo Barbosa DM 2 0 (0) 2016-2017
21%
73 Derley ST 15 1 (2) 2014-2015
21%
127 Eduardo GK 1 0 (0) 2011-2012
21%
95 Facundo Ferreyra ST 5 1 (0) 2018-2019
21%
66 Filipe Augusto DM 17 0 (1) 2016-2018
21%
110 Guillermo Celis DM 3 0 (0) 2016-2017
21%
103 Keaton Parks DM 4 0 (0) 2017-2018
21%
60 Lorenzo Melgarejo LW 21 2 (3) 2012-2013
21%
133 Marcelo Hermes LB 1 0 (0) 2016-2017
21%
134 Martin Chrien ST 1 0 (0) 2017-2018
21%
90 Bruno Cortez LB 6 0 (0) 2013-2014
16%
67 César Peixoto LW 16 0 (1) 2010-2011
16%
86 Felipe Menezes AM 7 0 (0) 2010-2011
16%
49 Franco Jara ST 29 6 (4) 2010-2012, 2014-2015
16%
83 Ivan Cavaleiro LW 8 0 (1) 2013-2014
16%
117 José Moreira GK 2 0 (0) 2010-2011
16%
91 Lionel Carole LB 6 0 (0) 2010-2011
16%
118 Loris Benito CB 2 0 (0) 2014-2015
16%
71 Airton DM 15 0 (0) 2010-2011
11%
125 Clésio Baúque RW 1 0 (0) 2015-2016
11%
55 Émerson Conceição LB 24 0 (0) 2011-2012
11%
130 Hany Mukhtar AM 1 0 (0) 2014-2015
11%
97 Luisinho LB 5 1 (0) 2012-2013
11%
89 Roderick Miranda CB 7 0 (0) 2010-2011, 2012-2013
11%
120 Rogelio Funes Mori ST 2 0 (0) 2013-2014
11%
70 Sidnei CB 16 3 (0) 2010-2011
11%
108 Weldon ST 4 0 (0) 2010-2011
11%
113 Yannick Djaló LW 3 0 (0) 2011-2012
11%
111 Luís Filipe RB 3 0 (0) 2010-2011
5%
112 Victor Andrade LW 3 0 (1) 2015-2016
5%
No matching quizzes found
Score Distribution
Percent of People with Each Score
Percentile by Number Answered
Your Score History
You have not taken this quiz